Оценка риска здоровью населения, проживающего в условиях сочетанного биологического и химического загрязнения на примере Башкирского биохимкомбината (Запись № 2786660)
[ простой вид ]
| 000 -МАРКЕР | |
|---|---|
| контрольное поле | 02328nam0a2200397 i 4500 |
| 001 - ИДЕНТИФИКАТОР ЗАПИСИ | |
| контрольное поле | RU\NLR\bibl\1891000 |
| 005 - ИДЕНТИФИКАТОР ВЕРСИИ | |
| контрольное поле | 20241104064507.0 |
| 010 ## - МЕЖДУНАРОДНЫЙ СТАНДАРТНЫЙ НОМЕР КНИГИ (ISBN) | |
| Номер (ISBN) | 9785750112975 |
| Тираж | 150 |
| 021 ## - НОМЕР ГОСУДАРСТВЕННОЙ РЕГИСТРАЦИИ | |
| Код страны | Российская Федерация |
| Номер | 2012-20881 |
| Номер Листа государственной регистраци | 1578 |
| 035 ## - ДРУГИЕ СИСТЕМНЫЕ НОМЕРА | |
| Идентификатор записи | (nilc)RSL-KNO-005413493 |
| 035 ## - ДРУГИЕ СИСТЕМНЫЕ НОМЕРА | |
| Идентификатор записи | (NLR Aleph) 001880690 |
| 100 ## - ДАННЫЕ ОБЩЕЙ ОБРАБОТКИ | |
| Данные общей обработки | 20120402d2011 k y0rusy50 ca |
| 101 0# - ЯЗЫК РЕСУРСА | |
| Язык текста, звукозаписи и т.д. | русский |
| 102 ## - СТРАНА ПУБЛИКАЦИИ ИЛИ ПРОИЗВОДСТВА | |
| Страна публикации | Российская Федерация |
| 105 ## - ПОЛЕ КОДИРОВАННЫХ ДАННЫХ: ТЕКСТОВЫЕ МАТЕРИАЛЫ, МОНОГРАФИЧЕСКИЕ | |
| Кодированные данные о монографическом текстовом документе | a ||||||||| |
| 200 1# - ЗАГЛАВИЕ И СВЕДЕНИЯ ОБ ОТВЕТСТВЕННОСТИ | |
| Основное заглавие | Оценка риска здоровью населения, проживающего в условиях сочетанного биологического и химического загрязнения на примере Башкирского биохимкомбината |
| Первые сведения об ответственности | А.Б. Бакиров, Р.А. Сулейманов, И.Г. Абдулнагимов |
| Последующие сведения об ответственности | Акад. наук Респ. Башкортостан, Отд-ние биол., мед. и с.-х. наук, ФБУН "Уфим. НИИ медицины труда и экологии человека" |
| 210 ## - ПУБЛИКАЦИЯ, РАСПРОСТРАНЕНИЕ И ДР. | |
| Место издания, распространения и т.д. | Уфа |
| Имя издателя, распространителя и т. д. | Гилем |
| Дата издания, распространения и т.д. | 2011 |
| 215 ## - ФИЗИЧЕСКАЯ ХАРАКТЕРИСТИКА | |
| Специфическое обозначение материала и объем | 279 с. |
| Другие сведения о физической характеристике | ил. |
| Размеры | 21 |
| 300 ## - ОБЩИЕ ПРИМЕЧАНИЯ | |
| Текст примечания | На 4-й с. обл. авт.: Бакиров А.Б., д.м.н., проф., чл.-кор. Акад. наук РБ, засл. деят. науки РБ, засл. врач РБ и РФ, Сулейманов Р.А., д.м.н., проф., Абдулнагимов И.Г., к.м.н. |
| 320 ## - ПРИМЕЧАНИЯ О НАЛИЧИИ В ДОКУМЕНТЕ БИБЛИОГРАФИИ / УКАЗАТЕЛЯ | |
| Текст примечания | Библиогр.: с. 231-257 (300 назв.) |
| 606 1# - НАИМЕНОВАНИЕ ТЕМЫ КАК ПРЕДМЕТ | |
| Наименование темы | Работники микробиологического производства белковых кормов |
| Тематический подзаголовок | Здоровье |
| Системный номер авторитетной/нормативной записи | 2122887 |
| Идентификатор авторитетной/нормативной записи | RU\NLR\auth\661585416 |
| 606 ## - НАИМЕНОВАНИЕ ТЕМЫ КАК ПРЕДМЕТ | |
| Наименование темы | Здоровье |
| Тематический подзаголовок | Влияние загрязнения окружающей среды |
| Системный номер авторитетной/нормативной записи | 2227844 |
| Идентификатор авторитетной/нормативной записи | RU\NLR\auth\661337331 |
| 686 ## - ИНДЕКСЫ ДРУГИХ КЛАССИФИКАЦИЙ | |
| Индекс | Р121.2,0 |
| Код системы | |
| 686 ## - ИНДЕКСЫ ДРУГИХ КЛАССИФИКАЦИЙ | |
| Индекс | Р124.519 |
| 686 ## - ИНДЕКСЫ ДРУГИХ КЛАССИФИКАЦИЙ | |
| Индекс | Р121.1 |
| 700 #1 - ИМЯ ЛИЦА - ПЕРВИЧНАЯ ОТВЕТСТВЕННОСТЬ | |
| Код отношения | Автор |
| Графика поля | Кириллица |
| Материалы, к которым относится поле | rus |
| Начальный элемент ввода | Бакиров |
| Часть имени, кроме начального элемента ввода | А. Б. |
| Даты | 1952- |
| Расширение инициалов личного имени | Ахат Бариевич |
| Системный номер авторитетной/нормативной записи | 77243 |
| Идентификатор авторитетной/нормативной записи | RU\NLR\auth\7794317 |
| 701 #1 - ИМЯ ЛИЦА - АЛЬТЕРНАТИВНАЯ ОТВЕТСТВЕННОСТЬ | |
| Начальный элемент ввода | Сулейманов |
| Часть имени, кроме начального элемента ввода | Р. А. |
| Расширение инициалов личного имени | Рафаил Анварович |
| Код отношения | Автор |
| 701 #1 - ИМЯ ЛИЦА - АЛЬТЕРНАТИВНАЯ ОТВЕТСТВЕННОСТЬ | |
| Начальный элемент ввода | Абдулнагимов |
| Часть имени, кроме начального элемента ввода | И. Г. |
| Расширение инициалов личного имени | Ирек Габдулхакович |
| Код отношения | Автор |
| 801 #0 - ИСТОЧНИК ЗАПИСИ | |
| Страна | Российская Федерация |
| Организация | RuMoRKP |
| Дата составления | 20120402 |
| Правила каталогизации | rcr |
| 801 #1 - ИСТОЧНИК ЗАПИСИ | |
| Страна | Российская Федерация |
| Организация | РГБ |
| Дата составления | 20120402 |
| 801 #2 - ИСТОЧНИК ЗАПИСИ | |
| Страна | Российская Федерация |
| Организация | NLR |
| Дата составления | 20120410 |
| Правила каталогизации | rcr |
| 830 ## - ОБЩЕЕ ПРИМЕЧАНИЕ, СОСТАВЛЕННОЕ КАТАЛОГИЗАТОРОМ | |
| Текст примечания | авт. по кн. |
| 942 ## - ДОПОЛНИТЕЛЬНЫЕ ЭЛЕМЕНТЫ ЗАПИСИ (АБИС) | |
| Тип экземпляра АБИС | Книга |
| 980 ## - КОЛЛЕКЦИЯ | |
| Название коллекции | НБР |
Нет доступных экземпляров.